000
00233nam a2200097Ia 4500
001
691088
005
20250826161828.0
008
250824s9999 xx 000 0 und d
245
0
_a
LINCOLN OTOBANI
_c
ÖZLEM YÜKSEL
260
_b
HEP KİTAP
999
_c
691088
_d
691088